000
00450nam a2200145Ia 4500
008
090124s9999 xx 000 0 und d
082
_b
204989
245
_a
श्मशान के पथ पर
250
_a
1
260
_b
वंद्योपाध्याय ताराशंकर
_c
2000
300
_a
151
630
_a
श्मशान के पथ पर
730
_a
श्मशान के पथ पर
942
_c
BOOK
999
_c
186570
_d
186570